Statistics for Historical Europeans #1

Click here to take the quiz!

General Stats

  • This quiz has been taken 1,059 times
    (1,058 since last reset)
  • The average score is 11 of 15

Answer Stats

Answer% Correct
Adolf Hitler
99%
Anne Frank
97%
Winston Churchill
96%
Mother Teresa
95%
Marie Antoinette
85%
Alexander the Great
83%
Christopher Columbus
82%
Benito Mussolini
80%
Augustus
75%
Socrates
75%
Galileo Galilei
63%
Rembrandt
62%
Plato
52%
Pablo Picasso
33%
Pope Gregory XIII
7%

Score Distribution

Percentile by Number Answered

Percent of People with Each Score

Your Score History

You have not taken this quiz since the last reset